000 00421nam a22001817a 4500
999 _c6369
_d6367
005 20210825134330.0
008 200521b xxu||||| |||| 00| 0 eng d
020 _a9788174733030
041 _aeng
082 _a613.8 DRI
100 _aDHIKAV, VIKAS
_95611
245 _aDrug of Choice
250 _a'9th Ed.
260 _aDelhi
_bAITBS PUBLISHERS
_c2019
300 _a337p.
650 _aPharmacy
_96623
942 _cBK